00678nam a22001815i 4500001000700000003000900007005001700016008004100033040002000074100002900094245014200123250001300265260008700278300002600365650002800391700002800419852004900447160345ES-MaACL20250728103910.0011023s1879 fr |||| | fre d aCAM bspa cCAM0 aMüller, Friedrich Max.10aEssais sur l'histoire des religions / cpar Max Müller: ouvrage traduit de l'anglais avec l'autorisation de l'auteur par George Harris. a3e éd. aParis : bDidier et c\pie\s libraires-éditeurs, c1879 (fTypographie A. Lahure) aXL, 524 p. ; c19 cm. 7aReligión-xHistoria211aHarris, George, etrad. aES-MaACLjF-10566 z-- Enc. pasta española